000 00936nam a2200241 a 4500
001 84922
003 BD-RjUL
005 20250513141854.0
008 250513s1979 ii cf b 000 0 urdo
020 _cRs15.00
035 _a(BD-RjUL)84922
040 _aDLC
_cDLC
_dDLC
_beng
041 _aeng
082 _223
_a891.439054
_bKHA 1979
100 1 _aK̲h̲ān̲, Mīr Aḥmaduddīn ʻAlī,
_d1938-
_915455
245 1 0 _aعہد عثمانى میں اردو خدمات ;; ʻAhd-i ʻUsmānī men̲ Urdū k̲h̲idmāt /
_cMīr Aḥmaduddīn ʻAlī K̲h̲ān̲. :مىر احمدالدىن على خان.,
260 _aḤaidarābād :
_bAdabistān-i Dakin :
_bMilne ke pate, Urdū Akaiḍaimī,
_c1979.
300 _a4, 152 p., [2] p. of plates :
_bports. ;
_c22 cm.
500 _aIn Urdu.
504 _aBibliography: p. 148-150.
650 0 _aUrdu literature
_zIndia
_zHyderabad (State)
_xHistory and criticism.
_915456
942 _2ddc
_cBK
999 _c84922
_d84922